| 000 | 00788nam a2200229Ia 4500 | ||
|---|---|---|---|
| 003 | OSt | ||
| 005 | 20240511103909.0 | ||
| 008 | 210716s1995 xx 000 0 und d | ||
| 020 | _a8178091003 | ||
| 040 | _cAIMIT LIBRARY | ||
| 041 | _aeng | ||
| 082 |
_a374.22 _21 _bMAXJ |
||
| 100 |
_aMaxwell, John C. _9164038 |
||
| 245 |
_aDeveloping the leaders around you / _cBy John C Maxwell. |
||
| 250 | _a1st ed. | ||
| 260 |
_aMumbai : _bMagna publishing co. ltd. , _c1995. |
||
| 300 |
_a213p. ; _bPB _c21 cm. |
||
| 650 |
_aThe leaders crucial task: nurturing potential leaders _9164039 |
||
| 650 |
_aThe leaders lifelong commitment: developing potential leaders _9164040 |
||
| 650 |
_aThe leaders greatest joy: coaching a dream team of leaders _9164041 |
||
| 942 |
_2ddc _cBK _e1st _k374.22 MAXJ |
||
| 999 |
_c198140 _d198140 |
||